000 00739nam a2200277Ia 4500
001 3988
005 20240113233705.0
007 ta
008 180706s 196 ii g b000 u 465 u
020 _cHB
040 _aCotton College,Assam
041 _aeng
082 _a511
_bC 456 B
100 _aChorlton, Frank .
245 0 _aBoundary Value Problems in Physics and Engineering /
_cFrank Chorlton.
_hTextual Documents
250 _a1st ed. /
260 _aLondon :
_bVan Nostrand Reinhold Company ,
_cC 1969.
300 _a250p. ;
_c22cm.
504 _aIndex
653 _aMathematics
653 _aBoundary Value-Problems
653 _aPG-Mathematics
942 _2ddc
_cBK
999 _c3976
_d3976